MDQL
is popping MORE tags! Check the
thread
!
Quizzes
Events
Quiz Creation
Community
Videos
Private Events
Remove Ads
Sign In
Join for FREE
Feedback
Dark Mode
Quiz Categories
Sports
Geography
Music
Movies
Television
Just For Fun
Miscellaneous
History
Literature
Language
Science
Gaming
Entertainment
Religion
Holiday
For Kids
Quiz Lab
Recent
Popular Today
Quiz Kudos Today
Editor Picks
Curator Picks
Quizzes by...
Day
Popularity
Type
Ratings
Length
Year
Community
Subscriptions
Recent Discussions
Orange Saloon
Badges
Playlists
Quests
Create
Leaderboards
Showdown
Live 5
Trivia Bingo
Activity
Puzzle Library
Sporcle Events
Private Events
Virtual Trivia
Globe League
Become a Host
Pub Owners
SporcleCon
Opinionation
Our Games
Videos
Blog
Mobile Apps
Partnerships
Remove Ads and Go Orange
Feedback
Entertainment
Celebrity
Famous
Musical
Broadway
Show
Quote
Comic Books
Anime
Superhero
DC Comics
Marvel
Cartoons
Animation
Entertainment
Celebrity
Famous
Musical
Broadway
Show
Quote
Comic Books
Anime
Superhero
DC Comics
Marvel
Cartoons
Animation
Random Quiz
Search Sporcle
×
Quiz Lab
Quiz Lab
Entertainment
Type in answers that appear in a list
Type in answers that appear in a list
Classic
Best Score? Go Orange.
Celebrity endorsed fragrances Stats
Can you name the celebrity endorsed fragrances?
By
superkane
8m
20 Questions
71 Plays
71 Plays
71 Plays
Comments
Comments
Give Quiz Kudos
Give Quiz Kudos
-
- Ratings
hide this ad
Replay
Link that replays current quiz
Next Quiz
Link to next quiz in quiz playlist
You Got
0%
They Got
Avg Score
25%
Avg Friend Score
Upgrade to see
Score Distribution
Jump to the score distribution portion of the page
Score
0/20
Timer
08:00
0
Plays Today
Fragrance
Celebrity
% Correct
Believe
Britney Spears
66.2%
Glow
Jennifer Lopez
63.4%
True Star
Beyoncé Knowles
57.7%
Fancy Love
Jessica Simpson
38%
Fairy Dust
Paris Hilton
36.6%
Forever
Mariah Carey
32.4%
Southern Blend
Tim McGraw
29.6%
Queen
Queen Latifah
25.4%
23
Michael Jordan
25.4%
Power
50 Cent
22.5%
Fragrance
Celebrity
% Correct
Blue Seduction
Antonio Banderas
16.9%
Black Star
Avril Lavigne
16.9%
In Bloom
Reese Witherspoon
15.5%
Wrapped With Love
Hilary Duff
15.5%
Elizabeth Arden Provocative Woman
Catherine Zeta-Jones
14.1%
Pure Brilliance
Celine Dion
11.3%
Unforgivable
Sean Jean
8.5%
Givenchy Very Irrésistible
Liv Tyler
7%
Davidoff Adventure
Ewan McGregor
4.2%
Dior Hypnotic Poison
Milla Jovovich
0%
Quiz Playlist
Details
Report
Send in Message
Add To Playlist
Classic:
Type in answers that appear in a list
Last Updated: Feb 16, 2017
Quiz Scoreboard
CHALLENGE
Sign Up to Join the Scoreboard
Show All
Scores
Hide
Comments
May contain spoilers
Recently Published
Colored Red Africa Blitz
by spor1
Geography
30s
Find the 'City' Movie
by crazypaving
Movies
60s
5x2 Blitz: Bands
by SL_Kpop136
Music
30s
More to Explore
Quiz From the Vault
Featured Blog Post
14 Easter Pick-up Lines to Find Eggs With
hide this ad
You Might Also Like...
Tags
This quiz does not have any tags.
Today's Top Quizzes in Entertainment
Browse Entertainment
hide this ad
Top Contributed Quizzes in Entertainment
1
Dragon Ball Z: Goku's Fights in Order
2
Marvel Classic Character Map
3
Marvel Characters Bunker
4
BOYS PLANET Quiz
5
Celebrity Spelling Bee
6
This is Your Life: Edward Elric
7
Survivor Winners Logic Quiz
8
This is Your Life: Itachi Uchiha
9
Dragon Ball Z: Immortal Characters
10
One Piece Heroines Chapter Cover
Explore More
Trending Topics
Crossword
Anime
Marvel
Kpop
Disney
Harry Potter
NBA
The Office
Pokémon
Song
Country
Soccer
NFL
Puzzle
WWE
hide this ad
More By:
superkane
Quiz
Plays
Rating
Category
Featured
Created
What Am I Eating?
2,158
1.67
Just For Fun
Mar 25, 2010
Movies with the same plot
836
2.64
Movies
Nov 17, 2010
6 Degrees of Kevin Bacon
376
2.83
Movies
Mar 23, 2010
Famous Mustaches
222
4.25
Entertainment
Mar 27, 2010
Turkish Numbers: 10 to 1000
195
3.67
Language
Mar 9, 2010
Go to Creator's Profile
Score Distribution
Quiz Creator Spotlight
superkane
Follow
Send a Message
Quizzes Created
-
Created Quiz Play Count
-
More By This Creator
Popular Quizzes Today
1
Colored Red Africa Blitz
2
Find the 'City' Movie
3
Find the US States - No Outlines Minefield
4
5x2 Blitz: Bands
5
The Countries of the World
6
Find the US States
7
US States
8
9x9 Crossword: Cartoon Network
More Entertainment Quizzes
Superhero Kid Costumes
Published
Trending Quizzes
Colored Red Europe Blitz I
Colored Red Europe Blitz II
Colored Red Africa Blitz II
Colored Red Africa Blitz III
Colored Red Europe Blitz III
Recently Updated
Grab Bag: 4-10 Letters
pecheneg
2024 March Madness Bracket
pecheneg
Famous TV Couples
Peacemaker
Champions League XIs: Real Madrid
pecheneg
Largest US Cities 1790-2010
pecheneg
Rides in Walt Disney World
pecheneg
Most Oscar Losses (Acting)
pecheneg
Beyoncé Albums
pecheneg
Leaping Animals
pecheneg
Reality TV Shows (A-Z)
bhenderson79
Trending Topics
Marvel
Disney
Crossword
NBA
Anime
Kpop
Harry Potter
WWE
Pokémon
Country
The Office
Puzzle
Song
Soccer
NFL
Your Account Isn't Verified!
In order to create a playlist on Sporcle, you need to verify the email address you used during registration. Go to your
Sporcle Settings
to finish the process.
Report this User
Report this user for behavior that violates our
Community Guidelines
.
Details:
Send Report
Go to the Sporcle.com Mobile Site →
Comments